Statistics for Closed Autocracies According to V-Dem in 2018

Click here to take the quiz!

General Stats

  • This quiz has been taken 2 times
  • The average score is 14 of 27

Answer Stats

Answer% Correct
Angola
100%
Bahrain
100%
China
50%
Cuba
50%
Eritrea
50%
Gaza Strip
50%
Hong Kong
50%
Jordan
50%
Laos
50%
Libya
50%
Morocco
50%
North Korea
50%
Oman
50%
Qatar
50%
Saudi Arabia
50%
Somalia
50%
South Sudan
50%
Swaziland
50%
Syria
50%
Thailand
50%
Turkmenistan
50%
United Arab Emirates
50%
Uzbekistan
50%
Vietnam
50%
West Bank
50%
Yemen
50%
Kuwait
0%

Score Distribution

Percentile by Number Answered

Percent of People with Each Score

Your Score History

You have not taken this quiz